LEADER 00488naa a2200133 i 4500 001 000000329362 003 CaOOAMICUS 005 20180831173618.0 008 180831n it u000 u ita u 013 $a41022 040 $aSeMil$bita 245 13$aLe uscite dalla vita religiosa :$bregresso o progresso ? 773 0 $aCarli, Renzo$tPreti out.$dGenova : Lanterna, 1976.$kDocumenti$gp.105-118$w()256439 996 $6245$aLe uscite dalla vita religiosa :$bregresso o progresso ?$9(OLS)http://semarc/title/417862 LEADER 00911nam a2200229 i 4500 001 000000163895 003 CaOOAMICUS 005 20260318130038.0 008 070821s1999 it u000 u ita u 040 $aSeMil$bita 245 10$aCd-Rom, Edizione 1999 :$bguida all'uso. 264 1$a[Italia] :$bGrolier,$c1999. 300 $a63 p. :$bill. ;$c23 cm +$eCd 500 $aIn cofanetto 773 0 $tEnciclopedia Bompiani.$dMilano : RCS Libri & Grandi Opere, 1994-1995.$bNuova edizione.$g[Guida1999$w()597 850 $aSeMil 852 $aSeMil$W1$xVenegono$y1$mMM C 4$j268666$B115189$CSeMilBibl$Z2$F126061 $8I 961 $aOmaggio: Tremolada don Pierantonio 961 $aCofanetto con manuale e cd conservato in ufficio 996 $6245$aCd-Rom, Edizione 1999 :$bguida all'uso$9(OLS)http://semarc/title/233862 996 $6264$a[Italia] :$bGrolier$9(OLS)http://semarc/publisher/29920